000 00451nam a2200169 a 4500
001 000031146
003 DO-SdBNP
005 20250307131843.0
008 110614s2008 dr ac 000 0 spa d
040 _aDO-SdBNP
_bspa
_cBNPHU
049 _aBNPD
110 2 _aINDOTEL
_917928
245 1 0 _aMemorias de una gestión 2004-2008 /.
260 _aSanto Domingo :
_bINDOTEL,
_c[2008]
_fAA
300 _a147 p. :
_bil., retrs. ;
_c28 cm.
942 _2ddc
_cLBS1
999 _c30638
_d30638